LEADER 01112nam a2200289 i 4500 001 000000150143 003 CaOOAMICUS 005 20220311122817.0 008 060517s1962 fr u000 u fre u 013 $a127481 020 $a2-02-002591-4 040 $aSeMil$bita 100 1 $aWoolf, Virginia,$d<1882-1941>.$0(OLS)http://semarc/name/7277 245 12$aL'art du roman /$cVirginia Woolf ; traduit et préfacé par Rose Celli. 264 1$aParis :$bEd. du Seuil,$c1962. 300 $a203 p. ;$c21 cm. 541 0 $aFondo Ciprandi (1V IV 34) 650 4$aWoolf, Virginia <1882-1941> - Opere.$0(OLS)http://semarc/subject/51815 700 1 $aCelli, Rose.$0(OLS)http://semarc/name/59271 850 $aSeMil 852 $aSeMil$W1$xVenegono$y1$m1V IV 34$j102308$B102308$CSeMilBibl$Z2$F111194 $81 941 1 $a1 961 $aOmaggio: Ciprandi dott. Paolo 996 $6020$a2-02-002591-4$9(OLS)http://semarc/number/139555 996 $6245$aL'art du roman$9(OLS)http://semarc/title/219554 996 $6264$aParis :$bEd. du Seuil$9(OLS)http://semarc/publisher/30152 LEADER 01438nam a2200313 i 4500 001 000000221661 003 CaOOAMICUS 005 20130731000000.0 008 130731s2002 it u000 u ita u 013 $a200558 020 $a88-245-0637-2 040 $aSeMil$bita 100 1 $aBayertz, Kurt.$0(OLS)http://semarc/name/77533 240 10$aSolidarität.$0(OLS)http://semarc/title/317774 245 12$aL'interesse e il dono :$bquestioni di solidarietà /$cKurt Bayertz, Michael Baurmann ; a cura e con introduzione di Pier Paolo Portinaro. 260 $aTorino :$bEdizioni di Comunità,$c2002. 300 $aXL, 114 p. ;$c21 cm. 490 0 $aTerritori di Comunità ;$v35 650 4$aSolidarietà.$0(OLS)http://semarc/subject/5998 650 4$aPartecipazione.$0(OLS)http://semarc/subject/16151 700 1 $aPortinaro, Pier Paolo <1953- >.$0(OLS)http://semarc/name/18182 700 1 $aBaurmann, Michael.$0(OLS)http://semarc/name/77534 830 0$aTerritori di Comunità ;$v35.$0(OLS)http://semarc/title/10602 850 $aSeMil 852 $aSeMil$W1$xVenegono$y1$m2P VII 52$j172010$B172010$CSeMilBibl$Z2$F183737 $81 961 $aOmaggio: Conti don Ermenegildo 996 $6020$a88-245-0637-2$9(OLS)http://semarc/number/220763 996 $6245$aL'interesse e il dono :$bquestioni di solidarietà$9(OLS)http://semarc/title/317773 996 $6260$aTorino :$bEdizioni di Comunità$9(OLS)http://semarc/publisher/31976